000 00373nam a2200157Ia 4500
999 _c30711
_d30711
003 OSt
005 20250617134536.0
008 250310s9999||||xx |||||||||||||| ||und||
040 _c.
082 _a823
_bL4191
100 _94568
_aLawrence, D. H.
245 0 _aThe rainbow /
_cD. H. Lawrence
260 _aLondon :
_bHeinemann,
_c1915.
300 _a495 p.
942 _cBK
_2ddc